00218nam a22000977a 4500008004100000082001600041100001400057245003100071260000900102300000900111230626b xxu||||| |||| 00| 0 eng d a331.09bILO cC.S ilomo aMisingi ya Ufanisi wa Kazi c1977 a326p